La fractura mexicana : izquierda y derecha en la transición democrática /

Se analiza la fractura política que dejaron las elecciones presidenciales de 2006 y que han provocado una situación particularmente difícil, ya que por un lado la izquierda ha sido perjudicada con su derrota, pero al mismo tiempo la derecha que se ha topado con una crisis recesiva internacional y el...

Fuld beskrivelse

Guardado en:
Bibliografiske detaljer
Hovedforfatter: Bartra, Roger (autor)
Format: Bog
Sprog:spansk
Udgivet: México : Debate, 2009, c2009
Fag:
Tags: Tilføj Tag
Ingen Tags, Vær først til at tagge denne postø!

MARC

LEADER 00000nam^a2200000^a^4500
001 000295112
005 20250521000000.0
009 20260310112228.078
020 |a 978-607-429-412-5 
037 |a Acervo ITESO - Biblioteca 
041 |a ESP 
082 |a 320. 9720712  |b BAR 
100 |a Bartra, Roger  |e (autor) 
245 1 3 |a La fractura mexicana :  |b izquierda y derecha en la transición democrática /  |c R. Bartra. 
264 4 |a México :  |b Debate,  |c 2009, c2009 
300 |a 145 p. 
336 |a texto  |b txt  |2 rdacontenido 
337 |a sin mediación  |b n  |2 rdamedio 
338 |a volumen  |b nc  |2 rdasoporte 
520 |a Se analiza la fractura política que dejaron las elecciones presidenciales de 2006 y que han provocado una situación particularmente difícil, ya que por un lado la izquierda ha sido perjudicada con su derrota, pero al mismo tiempo la derecha que se ha topado con una crisis recesiva internacional y el ataque al narcotráfico permitiendo el resurgimiento del PRI más conservador. 
649 |a XX 
650 |a Crisis Política -  |z México -  |x Tema Principal 
650 |a Derecha, La -  |z México -  |x Tema Principal 
650 |a Izquierda, La -  |z México -  |x Tema Principal 
650 |a Transición Política -  |z México 
650 |a Política -  |z México -  |x Historia -  |y 2006-2012 
650 |a Política -  |z México -  |x Historia -  |y Siglo XXI 
650 |a México -  |x Condiciones Políticas 
910 |a Fondo General 
920 |a Impresos - Libros 
930 |a Colección General 
905 |a 101 
901 |a 0500181014  |b IT1  |c ACC  |u 20250521 
902 |a https://opac.biblio.iteso.mx/vufind/Record/000295112